| 000 | 01261nab a22002297a 4500 | ||
|---|---|---|---|
| 999 |
_c5759 _d5759 |
||
| 003 | OSt | ||
| 005 | 20260105145727.0 | ||
| 008 | 190514b xxu||||| |||| 00| 0 spa d | ||
| 040 | _cPJ | ||
| 100 |
_96673 _aAuberge, Julieta Michelle |
||
| 245 | 1 | 0 |
_aUna sentencia logra "ver" con perspectiva en discapacidad / _cJulieta Michelle Auberge. |
| 300 | _ap. 142-147 | ||
| 500 | _aCita: TR LALEY AR/DOC/881/2025. | ||
| 505 | _aSumario: I. Breve reseña de la situación planteada y su resolución.— II. El modelo social de la discapacidad como eje de la sentencia en análisis.— III. La noción de igualdad inclusiva.— IV. Accesibilidad universal y ajustes razonables.— V. Cuestiones probatorias en el contexto de la discriminación.— VI. Conclusión. | ||
| 505 | _tFallo comentado: SC Mendoza, sala II ~ 10/10/2024 ~ M. S. M. c. Municipalidad de Luján de Cuyo s/ acción procesal administrativa | ||
| 650 | 0 |
_9967 _aDERECHO DE FAMILIA |
|
| 650 | 0 |
_93271 _aPERSONAS CON DISCAPACIDAD |
|
| 650 | 0 |
_91576 _aDISCRIMINACION |
|
| 650 | 0 |
_91057 _aJURISPRUDENCIA APLICABLE |
|
| 773 | 0 |
_02844 _93222 _dBuenos Aires : AbeledoPerrot, 1989- _tDerecho de familia. Revista Interdisciplinaria de doctrina y jurisprudencia. Junio 2025-III. _z18511201 |
|
| 942 |
_2udc _cANA |
||